[Event "CRO-chT1A 32nd"]
[Site "Veli Losinj"]
[Date "2024.10.12"]
[Round "8.5"]
[White "Novosel, Lovro"]
[Black "Antunac, Goran"]
[Result "1/2-1/2"]
[WhiteElo "2336"]
[BlackElo "2323"]
[PlyCount "111"]
[EventDate "2024.10.05"]
[EventType "team-tourn"]
[EventRounds "9"]
[EventCountry "CRO"]
[SourceTitle "CB47_2024"]
[SourceDate "2024.11.20"]
[SourceVersion "1"]
[SourceVersionDate "2024.11.20"]
[SourceQuality "1"]
[WhiteTeam "Sveta Nedelja"]
[BlackTeam "Sesvete Agroproteinka"]
[WhiteTeamCountry "CRO"]
[BlackTeamCountry "CRO"]

1. d4 Nf6 2. Nf3 g6 3. Bg5 Bg7 4. c3 b6 5. Nbd2 Bb7 6. Qc2 d5 7. e3 0-0 8. a4 c5 9. Be2 Nc6 10. 0-0 Rc8 11. Qb3 Ne4 12. Bh4 Qd7 13. Rfd1 Nxd2 14. Rxd2 cxd4 15. exd4 Na5 16. Qc2 Nc4 17. Rdd1 Bc6 18. Re1 e6 19. Bd3 a6 20. b3 Nd6 21. Bxa6 Bb7 22. Bxb7 Qxb7 23. Qd3 Ne4 24. c4 f5 25. Ng5 Bf6 26. f4 Bxg5 27. Bxg5 Qa6 28. Rec1 Rf7 29. Rc2 Rfc7 30. Rac1 Kf7 31. Bh4 dxc4 32. bxc4 Qxa4 33. d5 Qd7 34. dxe6+ Qxe6 35. h3 Qd6 36. Qe3 Qc5 37. Bf2 Nxf2 38. Kxf2 b5 39. Rd1 Qxe3+ 40. Kxe3 bxc4 41. Rd4 h6 42. h4 c3 43. Kd3 Rc6 44. Rb4 Kf6 45. Rd4 g5 46. hxg5+ hxg5 47. fxg5+ Kxg5 48. Ke3 Re8+ 49. Kd3 f4 50. Rd7 Kf6 51. Kd4 Re3 52. Rd8 Ke7 53. Rd5 Rce6 54. Rf5 R6e4+ 55. Kd5 Ke8 56. Rxc3 1/2-1/2

[Event "EU-chT Seniors 65"]
[Site "Terme Catez"]
[Date "2024.05.15"]
[Round "9.1"]
[White "Nunn, John DM"]
[Black "Antunac, Goran"]
[Result "1-0"]
[WhiteElo "2552"]
[BlackElo "2332"]
[PlyCount "89"]
[EventDate "2024.05.07"]
[EventType "team-swiss"]
[EventRounds "9"]
[EventCountry "SLO"]
[SourceTitle "CBM 220 Extra"]
[Source "ChessBase"]
[SourceDate "2024.07.31"]
[SourceVersion "1"]
[SourceVersionDate "2024.07.31"]
[SourceQuality "1"]
[WhiteTeam "England 65"]
[BlackTeam "Croatia Sesvete 65"]
[WhiteTeamCountry "ENG"]
[BlackTeamCountry "CRO"]

1. e4 c5 2. Nf3 e6 3. d4 cxd4 4. Nxd4 a6 5. Nc3 Qc7 6. Bd3 Nf6 7. Qe2 d6 8. g4 Nfd7 9. Bd2 Be7 10. 0-0-0 Ne5 11. f4 Nxd3+ 12. Qxd3 Bd7 13. Nf5 exf5 14. Nd5 Qd8 15. exf5 Bc6 16. Nxe7 Bxh1 17. f6 gxf6 18. Nf5 Nc6 19. Rxh1 Qd7 20. Bc3 0-0-0 21. Bxf6 Rhe8 22. Rd1 d5 23. Bxd8 Rxd8 24. a3 d4 25. Re1 Kc7 26. Kb1 Re8 27. Rxe8 Qxe8 28. Nxd4 Nxd4 29. Qxd4 Qe1+ 30. Ka2 Qe6+ 31. b3 Qxg4 32. Qc4+ Kb8 33. Qxf7 h5 34. Qf8+ Ka7 35. Qc5+ Ka8 36. f5 Qf4 37. h3 h4 38. Kb2 Qf3 39. Qc3 Qxf5 40. Qh8+ Ka7 41. Qd4+ Ka8 42. Qxh4 Qe5+ 43. Kb1 a5 44. a4 Ka7 45. Qc4 1-0

[Event "EU-chT Seniors 65"]
[Site "Terme Catez"]
[Date "2024.05.11"]
[Round "5.1"]
[White "Birnboim, Nathan"]
[Black "Antunac, Goran"]
[Result "1-0"]
[WhiteElo "2338"]
[BlackElo "2332"]
[PlyCount "63"]
[EventDate "2024.05.07"]
[EventType "team-swiss"]
[EventRounds "9"]
[EventCountry "SLO"]
[SourceTitle "CBM 220 Extra"]
[Source "ChessBase"]
[SourceDate "2024.07.31"]
[SourceVersion "1"]
[SourceVersionDate "2024.07.31"]
[SourceQuality "1"]
[WhiteTeam "Israel 65"]
[BlackTeam "Croatia Sesvete 65"]
[WhiteTeamCountry "ISR"]
[BlackTeamCountry "CRO"]

1. d4 Nf6 2. c4 c5 3. d5 e6 4. Nc3 exd5 5. cxd5 g6 6. e4 d6 7. Bd3 Bg7 8. Nf3 a6 9. 0-0 0-0 10. h3 b5 11. Bf4 b4 12. Ne2 Nh5 13. Bg5 f6 14. Be3 f5 15. exf5 Bxf5 16. Ng5 Bf6 17. Bxf5 Bxg5 18. Be6+ Kh8 19. Bxg5 Qxg5 20. a3 Ng7 21. axb4 cxb4 22. Qd4 a5 23. Ng3 Qe7 24. Rfc1 Nd7 25. Bxd7 Qxd7 26. Rc6 Rfc8 27. Rac1 Rxc6 28. dxc6 Qc7 29. Ne4 Rd8 30. Ng5 Re8 31. Qxd6 Qb6 32. c7 1-0

[Event "EU-chT Seniors 65"]
[Site "Terme Catez"]
[Date "2024.05.08"]
[Round "2.1"]
[White "Sadiku, Bedri"]
[Black "Antunac, Goran"]
[Result "1/2-1/2"]
[WhiteElo "2167"]
[BlackElo "2332"]
[PlyCount "63"]
[EventDate "2024.05.07"]
[EventType "team-swiss"]
[EventRounds "9"]
[EventCountry "SLO"]
[SourceTitle "CBM 220 Extra"]
[Source "ChessBase"]
[SourceDate "2024.07.31"]
[SourceVersion "1"]
[SourceVersionDate "2024.07.31"]
[SourceQuality "1"]
[WhiteTeam "Kosovo 65"]
[BlackTeam "Croatia Sesvete 65"]
[WhiteTeamCountry "KOS"]
[BlackTeamCountry "CRO"]

1. Nf3 Nf6 2. g3 c5 3. Bg2 Nc6 4. d3 d5 5. Nbd2 g6 6. 0-0 Bg7 7. e4 0-0 8. h3 e5 9. Re1 Re8 10. c3 Rb8 11. a3 d4 12. cxd4 Nxd4 13. Nxd4 Qxd4 14. Qc2 b6 15. Nf3 Qd6 16. Be3 a5 17. Red1 Nd7 18. Nd2 Nf8 19. Nc4 Qd8 20. f4 f6 21. b4 Ne6 22. bxa5 exf4 23. gxf4 bxa5 24. Qa4 Bh6 25. Rf1 Nd4 26. Ra2 Be6 27. Raf2 Kh8 28. Qxa5 Bxc4 29. Qxd8 Rexd8 30. dxc4 Rb3 31. Bc1 Rc3 32. Ra2 1/2-1/2

[Event "CRO-chT1B 28th"]
[Site "Mali Losinj"]
[Date "2019.09.28"]
[Round "1.36"]
[White "Tomasic, Roland"]
[Black "Antunac, Goran"]
[Result "1-0"]
[WhiteElo "2102"]
[BlackElo "2379"]
[PlyCount "173"]
[EventDate "2019.09.28"]
[EventType "team-tourn"]
[EventRounds "9"]
[EventCountry "CRO"]
[SourceTitle "EXT 2020"]
[Source "ChessBase"]
[SourceDate "2019.10.17"]
[SourceVersion "1"]
[SourceVersionDate "2019.10.17"]
[SourceQuality "1"]
[WhiteTeam "Strigova Stridon"]
[BlackTeam "Sesvete Agroproteinka"]
[WhiteTeamCountry "CRO"]
[BlackTeamCountry "CRO"]

1. e4 c5 2. Nf3 e6 3. d4 cxd4 4. Nxd4 a6 5. c4 Nf6 6. Nc3 d6 7. Be2 Bd7 8. 0-0 Nc6 9. Kh1 Be7 10. a3 0-0 11. Be3 Rc8 12. Nb3 Ne5 13. Nd2 Bc6 14. f4 Ned7 15. b4 b6 16. Qb3 Qc7 17. Rfc1 Qb7 18. Bf3 b5 19. cxb5 axb5 20. Qb1 Nb6 21. Be2 d5 22. a4 bxa4 23. b5 Bd7 24. e5 Ne4 25. Ndxe4 dxe4 26. Nxa4 Rxc1+ 27. Bxc1 Nxa4 28. Rxa4 Rc8 29. Be3 Bc5 30. Bxc5 Rxc5 31. h3 Bc6 32. Qg1 Bxb5 33. Rb4 Qd5 34. Rd4 Bxe2 35. Rxd5 Rxd5 36. Qe3 Bd3 37. Kh2 g6 38. Qa7 Kg7 39. Kg3 Bb5 40. Kh4 h6 41. Qe3 Bd3 42. Kg3 Ra5 43. Qb6 Ra2 44. Qb3 Rc2 45. h4 h5 46. Kh2 Rd2 47. Qb6 Bf1 48. Kg1 Bc4 49. Qc5 Bd5 50. Qc3 Rd3 51. Qc2 Rb3 52. Qc5 Rb2 53. f5 gxf5 54. Qe7 Rb8 55. Qf6+ Kg8 56. Kh2 Ra8 57. Qg5+ Kf8 58. Qxh5 e3 59. Qh6+ Ke8 60. Qxe3 Ra2 61. h5 Rxg2+ 62. Kh3 Rg4 63. Qc5 Rc4 64. Qd6 Rc6 65. Qb8+ Ke7 66. h6 Rc3+ 67. Kh4 Rc4+ 68. Kg3 f4+ 69. Kg4 Be4 70. Qh8 Bf5+ 71. Kg5 f3 72. Qf6+ Ke8 73. h7 Bxh7 74. Qh8+ Ke7 75. Qxh7 f2 76. Qd3 Rd4 77. Qf3 Rd2 78. Kg4 Rb2 79. Qf6+ Ke8 80. Kg3 Ra2 81. Kg2 Kf8 82. Qh8+ Ke7 83. Kf1 Rc2 84. Qb8 Ra2 85. Qb3 Ra7 86. Qb4+ Kd7 87. Qd4+ 1-0

[Event "CRO-chT1B 27th"]
[Site "Biograd"]
[Date "2018.09.19"]
[Round "5.52"]
[White "Srbis, Jurica"]
[Black "Antunac, Goran"]
[Result "0-1"]
[WhiteElo "2428"]
[BlackElo "2359"]
[PlyCount "82"]
[EventDate "2018.09.15"]
[EventType "team-swiss"]
[EventRounds "9"]
[EventCountry "CRO"]
[SourceTitle "CBM 186 Extra"]
[Source "ChessBase"]
[SourceDate "2018.08.24"]
[SourceVersion "1"]
[SourceVersionDate "2018.08.24"]
[SourceQuality "1"]
[WhiteTeam "Koprivnica Podravka"]
[BlackTeam "Rijeka Junior"]
[WhiteTeamCountry "CRO"]
[BlackTeamCountry "CRO"]

1. d4 g6 2. e4 Bg7 3. Nc3 d6 4. Be3 c6 5. Qd2 b5 6. Bd3 Nd7 7. Nf3 Nb6 8. h3 a5 9. 0-0 b4 10. Ne2 Ba6 11. Bxa6 Rxa6 12. Qd3 Ra8 13. a3 Nf6 14. axb4 axb4 15. d5 c5 16. Qb5+ Nfd7 17. e5 0-0 18. e6 fxe6 19. Nf4 Rxa1 20. Rxa1 Nxd5 21. Nxe6 Nc7 22. Nxc7 Qxc7 23. Ng5 Ne5 24. Ne6 Qb8 25. Qa6 Rc8 26. f4 Nf7 27. Qc4 Qb7 28. Rd1 Bf6 29. h4 Kh8 30. Nxc5 dxc5 31. Qxf7 Qe4 32. Bf2 Qxc2 33. Re1 Qxb2 34. Bxc5 Qc3 35. Bf2 b3 36. Rxe7 Bxe7 37. Qxe7 b2 38. Qb7 Rd8 39. Kh2 Rd1 40. Qe4 Qf6 41. Qa8+ Qd8 0-1

[Event "CRO-chT2 Center 22nd"]
[Site "Sisak"]
[Date "2013.04.14"]
[Round "2.5"]
[White "Antunac, Goran"]
[Black "Srbis, Jurica"]
[Result "0-1"]
[WhiteElo "2396"]
[BlackElo "2330"]
[PlyCount "62"]
[EventDate "2013.04.14"]
[EventType "team-tourn"]
[EventRounds "11"]
[EventCountry "CRO"]
[SourceTitle "EXT 2016"]
[Source "ChessBase"]
[SourceDate "2015.10.08"]
[SourceVersion "1"]
[SourceVersionDate "2015.10.08"]
[SourceQuality "1"]

1. d4 Nf6 2. Nf3 e6 3. g3 b5 4. Bg2 Bb7 5. 0-0 Be7 6. Nbd2 0-0 7. c4 bxc4 8. Nxc4 c5 9. b3 cxd4 10. Bb2 d5 11. Nce5 Nbd7 12. Bxd4 Nxe5 13. Nxe5 Qa5 14. a3 Qb5 15. b4 Rfb8 16. Nd3 Qc4 17. e3 a5 18. Rc1 Qa2 19. Ra1 Qc4 20. Rc1 Qa6 21. Nc5 Bxc5 22. bxc5 Bc6 23. f4 Re8 24. Bxf6 gxf6 25. Qd4 Kg7 26. Rb1 Rab8 27. Rxb8 Rxb8 28. g4 Qe2 29. g5 Rb2 30. Qxf6+ Kg8 31. Qd8+ Be8 0-1

[Event "CRO-chT2 Center"]
[Site "Zagreb"]
[Date "2012.10.21"]
[Round "9.61"]
[White "Antunac, Goran"]
[Black "Bodiroga, Predrag"]
[Result "0-1"]
[WhiteElo "2404"]
[BlackElo "2394"]
[PlyCount "134"]
[EventDate "2012.03.18"]
[EventType "team-swiss"]
[EventRounds "11"]
[EventCountry "CRO"]
[SourceTitle "EXT 2019"]
[Source "ChessBase"]
[SourceDate "2018.10.10"]
[SourceVersion "1"]
[SourceVersionDate "2018.10.10"]
[SourceQuality "1"]

1. d4 Nf6 2. Nf3 d5 3. c4 e6 4. g3 Be7 5. Bg2 0-0 6. 0-0 dxc4 7. Ne5 Nc6 8. Nxc6 bxc6 9. Bxc6 Rb8 10. Nc3 Rb6 11. Bf3 Bb7 12. e3 Bxf3 13. Qxf3 c5 14. dxc5 Bxc5 15. Na4 Rb5 16. Rd1 Qa5 17. Nxc5 Rxc5 18. Bd2 Qb5 19. e4 Qb7 20. Re1 Rd8 21. Bc3 Rd3 22. Rad1 Rcd5 23. Rxd3 Rxd3 24. Qf4 Nd7 25. Qg5 f6 26. Qa5 a6 27. a3 h6 28. Qa4 Qb5 29. Qa5 Qc6 30. Qd8+ Kf7 31. Qa5 Nc5 32. f3 e5 33. Kg2 Rd7 34. a4 Nxa4 35. Re2 Qb5 36. Rc2 Nxc3 37. Qxc3 Rd4 38. g4 a5 39. h4 a4 40. Qe3 Qb3 41. Qc1 Qd3 42. h5 Ke7 43. Kg3 Qb3 44. Rc3 Qb5 45. Qc2 Qb4 46. Ra3 Qe1+ 47. Qf2 Qd1 48. Rc3 Kf7 49. Rc2 Kg8 50. Qe2 Qd3 51. Qf2 Kh7 52. Qe2 Qb3 53. Rc3 Qa2 54. Rc2 Rd3 55. b4 Qb3 56. Rb2 Qc3 57. b5 a3 58. Rc2 Qb3 59. b6 Qxb6 60. Rxc4 Qg1+ 61. Qg2 Qb1 62. Rc2 Rd1 63. g5 hxg5 64. Kh2 Rh1+ 65. Qxh1 Qxc2+ 66. Kg3 Qd2 67. Qh3 g4 0-1

[Event "CRO-chT2 Center"]
[Site "Zagreb"]
[Date "2012.03.25"]
[Round "4.31"]
[White "Antunac, Goran"]
[Black "Kliska, Predrag"]
[Result "1-0"]
[WhiteElo "2411"]
[BlackElo "2141"]
[PlyCount "89"]
[EventDate "2012.03.18"]
[EventType "team-swiss"]
[EventRounds "11"]
[EventCountry "CRO"]
[SourceTitle "EXT 2014"]
[Source "ChessBase"]
[SourceDate "2013.11.20"]
[SourceVersion "1"]
[SourceVersionDate "2013.11.20"]
[SourceQuality "1"]

1. d4 Nf6 2. Nf3 g6 3. c4 Bg7 4. Nc3 0-0 5. e4 d6 6. Be2 e5 7. 0-0 Nc6 8. d5 Ne7 9. b4 Nh5 10. g3 f5 11. c5 Nf6 12. cxd6 cxd6 13. exf5 Bxf5 14. Ng5 Rc8 15. Qb3 h6 16. Ne6 Bxe6 17. dxe6 d5 18. Bb2 Qd6 19. Nb5 Qb8 20. Rad1 a6 21. Nc3 Qd6 22. Na4 Kh7 23. Nc5 Rc7 24. Bf3 a5 25. a3 axb4 26. axb4 b6 27. Na6 Ra7 28. b5 Qxe6 29. Rfe1 e4 30. Bg2 Qf5 31. Bd4 Rb7 32. Qb2 Nh5 33. Bxg7 Nxg7 34. Nb4 Ne6 35. Nxd5 Ng5 36. Ne3 Qf7 37. Rd6 Nf5 38. Nxf5 Qxf5 39. h4 Nf3+ 40. Bxf3 exf3 41. Kh2 Rd7 42. Qd4 Rxd6 43. Qxd6 Qf6 44. Re7+ Kh8 45. Re6 1-0

[Event "CRO-chT2 Center"]
[Site "Zagreb"]
[Date "2012.03.18"]
[Round "1.31"]
[White "Jukic, Zeljko"]
[Black "Antunac, Goran"]
[Result "0-1"]
[WhiteElo "2246"]
[BlackElo "2411"]
[PlyCount "56"]
[EventDate "2012.03.18"]
[EventType "team-swiss"]
[EventRounds "11"]
[EventCountry "CRO"]
[SourceTitle "EXT 2014"]
[Source "ChessBase"]
[SourceDate "2013.11.20"]
[SourceVersion "1"]
[SourceVersionDate "2013.11.20"]
[SourceQuality "1"]

1. d4 d5 2. c4 dxc4 3. e3 e5 4. Bxc4 exd4 5. Nf3 Bb4+ 6. Bd2 Bxd2+ 7. Qxd2 Nf6 8. Qxd4 Qxd4 9. Nxd4 a6 10. Be2 Nbd7 11. Nc3 0-0 12. 0-0 g6 13. Rfd1 Kg7 14. Rac1 c5 15. Nb3 b6 16. Bf3 Rb8 17. Nd5 Ne5 18. Be2 c4 19. Bxc4 Nxc4 20. Rxc4 Nxd5 21. Rxd5 Be6 22. e4 Rfe8 23. Kf1 Bxd5 24. exd5 Rbd8 25. Rd4 Re5 26. d6 Re6 27. d7 Re7 28. Rd6 Rdxd7 0-1

[Event "CRO-chT2 Center"]
[Site "Croatia"]
[Date "2011.04.03"]
[Round "5.41"]
[White "Antunac, Goran"]
[Black "Zamostni, Jan"]
[Result "1-0"]
[WhiteElo "2390"]
[BlackElo "2265"]
[PlyCount "91"]
[EventDate "2011.03.20"]
[EventType "team-tourn"]
[EventRounds "11"]
[EventCountry "CRO"]
[SourceTitle "EXT 2014"]
[Source "ChessBase"]
[SourceDate "2013.11.20"]
[SourceVersion "1"]
[SourceVersionDate "2013.11.20"]
[SourceQuality "1"]

1. d4 Nf6 2. Nf3 d6 3. c4 Bg4 4. Nc3 Nc6 5. d5 Bxf3 6. exf3 Ne5 7. f4 Ned7 8. Be2 c6 9. dxc6 bxc6 10. 0-0 g6 11. Bf3 Rc8 12. Re1 Nb6 13. Qe2 Bg7 14. c5 Nbd5 15. cxd6 Qxd6 16. Bd2 0-0 17. g3 e6 18. Rac1 Nb4 19. Be3 c5 20. Red1 Qe7 21. Na4 Nxa2 22. Rxc5 Nd5 23. Bxd5 exd5 24. Rdxd5 Nb4 25. Rd2 Qe4 26. Qd1 h5 27. Nc3 Qe6 28. Rd6 Qe7 29. Rd7 Qe6 30. Rxc8 Rxc8 31. Rxa7 Bxc3 32. bxc3 Nd5 33. Qb3 Nxf4 34. Qxe6 Nxe6 35. Ra3 Kg7 36. Kf1 g5 37. Ke2 f5 38. Kd3 f4 39. Bd4+ Kg6 40. Ra5 fxg3 41. fxg3 h4 42. g4 Nf4+ 43. Ke4 Ne2 44. Ra6+ Kf7 45. Kf5 h3 46. Ra7+ 1-0

[Event "CRO-chT3A Center"]
[Site "Zagreb"]
[Date "2010.04.18"]
[Round "4.11"]
[White "Antunac, Goran"]
[Black "Medic, Mirjana"]
[Result "0-1"]
[WhiteElo "2400"]
[BlackElo "2314"]
[PlyCount "90"]
[EventDate "2010.03.21"]
[EventType "team-tourn"]
[EventRounds "11"]
[EventCountry "CRO"]
[SourceTitle "EXT 2012"]
[Source "ChessBase"]
[SourceDate "2011.11.24"]
[SourceVersion "1"]
[SourceVersionDate "2011.11.24"]
[SourceQuality "1"]

1. d4 d5 2. Nf3 c6 3. g3 Nf6 4. Bg2 Bg4 5. Ne5 Bh5 6. Nd2 e6 7. 0-0 Nbd7 8. Ndf3 Be7 9. c4 0-0 10. Bg5 Bxf3 11. Nxf3 Ne4 12. Bxe7 Qxe7 13. Qc2 Rac8 14. Rac1 c5 15. cxd5 exd5 16. Bh3 Nef6 17. Ne5 c4 18. Rfe1 Rc7 19. Qf5 Re8 20. Nxd7 Rxd7 21. Rc3 Qb4 22. Qc2 Rde7 23. Bg2 b5 24. e3 Qd6 25. a3 h5 26. h3 g6 27. Qd2 a5 28. Rcc1 Qb6 29. Qd1 Kg7 30. b3 Rc7 31. bxc4 bxc4 32. Rb1 Qc6 33. Qc2 Ree7 34. Rb2 Rb7 35. Reb1 Rec7 36. Qc3 a4 37. Rb4 Rxb4 38. axb4 Qb5 39. f3 Ra7 40. Ra1 Qb8 41. Kf2 Ne8 42. e4 Nd6 43. exd5 Nf5 44. d6 Qxd6 45. d5+ Kh7 0-1

[Event "CRO-chT3"]
[Site "Zagreb"]
[Date "2009.04.05"]
[Round "4"]
[White "Antunac, Goran"]
[Black "Medic, Mirjana"]
[Result "1/2-1/2"]
[WhiteElo "2407"]
[BlackElo "2313"]
[PlyCount "134"]
[EventDate "2009.03.08"]
[EventType "team-tourn"]
[EventRounds "9"]
[EventCountry "CRO"]
[SourceTitle "EXT 2011"]
[Source "ChessBase"]
[SourceDate "2010.11.26"]
[SourceVersion "1"]
[SourceVersionDate "2010.11.26"]
[SourceQuality "1"]

1. d4 e6 2. g3 f5 3. Bg2 Nf6 4. Nd2 d5 5. Nh3 Bd6 6. Nf3 0-0 7. Bf4 c6 8. 0-0 Be7 9. Ne5 Na6 10. c4 Ng4 11. Qc1 Nxe5 12. Bxe5 Bd7 13. Nf4 Bf6 14. Bxf6 Qxf6 15. e3 Nc7 16. Nd3 Rad8 17. b4 Be8 18. a4 Bh5 19. Re1 Ne8 20. b5 Nd6 21. bxc6 bxc6 22. Ne5 Be8 23. Rb1 Nf7 24. Nd3 e5 25. dxe5 Nxe5 26. Nxe5 Qxe5 27. Rb7 Rf7 28. Rxf7 Bxf7 29. cxd5 Bxd5 30. Qc5 Qc7 31. Rc1 Qb7 32. Rd1 h6 33. h4 Kh7 34. Bh3 Qf7 35. Qd4 Rf8 36. Bg2 Bxg2 37. Kxg2 Qe7 38. Kh2 Rb8 39. Rc1 Rb4 40. Qd3 Qe4 41. Qxe4 Rxe4 42. Rxc6 Rxa4 43. h5 Rg4 44. Ra6 Rg5 45. f4 Rxh5+ 46. Kg2 Kg8 47. Rxa7 g6 48. Re7 Kf8 49. Rb7 Kg8 50. Rb8+ Kg7 51. Rb7+ Kf6 52. Rb6+ Kg7 53. Rb5 Kf6 54. Re5 Kf7 55. Ra5 Kf6 56. Rb5 Ke6 57. Rb7 Kf6 58. Rb6+ Kg7 59. Ra6 Kf7 60. Ra7+ Kf6 61. Rh7 Ke6 62. Ra7 Kf6 63. Ra6+ Kf7 64. Ra1 Kf6 65. Rb1 Kf7 66. Rc1 Kf6 67. Ra1 Kf7 1/2-1/2

[Event "Sisak"]
[Site "Sisak"]
[Date "2008.12.01"]
[Round "4"]
[White "Sertic, Darko2"]
[Black "Antunac, Goran"]
[Result "0-1"]
[WhiteElo "2236"]
[BlackElo "2412"]
[PlyCount "96"]
[EventDate "2008.11.29"]
[EventType "tourn"]
[EventRounds "9"]
[EventCountry "CRO"]
[EventCategory "2"]
[SourceTitle "CBM 127 Extra"]
[Source "ChessBase"]
[SourceDate "2009.01.08"]
[SourceVersion "2"]
[SourceVersionDate "2009.01.28"]
[SourceQuality "1"]

1. e4 Nf6 2. Nc3 d6 3. d4 g6 4. Be3 Bg7 5. Be2 0-0 6. Qd2 c6 7. Bh6 b5 8. Bf3 e5 9. h4 Bxh6 10. Qxh6 Ne8 11. Nh3 Bxh3 12. Rxh3 exd4 13. Ne2 Qf6 14. 0-0-0 Nd7 15. h5 g5 16. Qxf6 Nexf6 17. Nxd4 Kh8 18. g4 Ne5 19. Nf5 Rad8 20. Nxd6 Rd7 21. Be2 Rfd8 22. Nf5 Rxd1+ 23. Bxd1 Nxe4 24. Rh2 Nd6 25. Ne3 Nec4 26. Bf3 Ne5 27. Be2 Kg7 28. Rh1 Ne4 29. Nf5+ Kf6 30. f3 Nc5 31. Rd1 Rxd1+ 32. Kxd1 Ne6 33. Kd2 Nf4 34. Ke3 Nxh5 35. Nd6 Nf4 36. Ne4+ Kg6 37. a4 Nxe2 38. Kxe2 bxa4 39. Nc5 f5 40. Nxa4 fxg4 41. fxg4 Nxg4 42. c4 Ne5 43. c5 Kf5 44. Nc3 Kf4 45. b4 a6 46. Nd1 Ke4 47. Nf2+ Kd4 48. Ng4 Nxg4 0-1

[Event "Sisak"]
[Site "Sisak"]
[Date "2008.11.30"]
[Round "3"]
[White "Antunac, Goran"]
[Black "Kostanjsek, Zorko"]
[Result "1-0"]
[WhiteElo "2412"]
[BlackElo "2210"]
[PlyCount "83"]
[EventDate "2008.11.29"]
[EventType "tourn"]
[EventRounds "9"]
[EventCountry "CRO"]
[EventCategory "2"]
[SourceTitle "CBM 127 Extra"]
[Source "ChessBase"]
[SourceDate "2009.01.08"]
[SourceVersion "2"]
[SourceVersionDate "2009.01.28"]
[SourceQuality "1"]

1. d4 Nf6 2. Nf3 d5 3. g3 g6 4. Bg2 Bg7 5. 0-0 0-0 6. c4 dxc4 7. Na3 c3 8. bxc3 c5 9. Ne5 Nfd7 10. Nac4 Nxe5 11. Nxe5 Nd7 12. Nxd7 Qxd7 13. dxc5 Qc7 14. Be3 Bxc3 15. Rc1 Bg7 16. Qb3 Rb8 17. Rfd1 Bd7 18. Qa3 a6 19. Bf4 e5 20. Bd2 Bc6 21. Ba5 Qc8 22. Bxc6 Qxc6 23. Bb6 Rfe8 24. Rd6 Qe4 25. Qd3 Qa4 26. Qc2 Qg4 27. Qc4 e4 28. Rcd1 Bf8 29. Rf6 Re7 30. Rfd6 Rbe8 31. Rd8 h5 32. Kg2 h4 33. h3 Qf5 34. g4 Qe5 35. R1d5 Qe6 36. R8d6 Qc8 37. Bd8 Re6 38. Rd7 e3 39. f3 Qb8 40. Bxh4 Qc8 41. Rd8 Qc6 42. R5d7 1-0

[Event "CRO-chT1B"]
[Site "Sibenik"]
[Date "2007.09.30"]
[Round "6"]
[White "Stojanovski, Dejan"]
[Black "Antunac, Goran"]
[Result "1/2-1/2"]
[WhiteElo "2402"]
[BlackElo "2400"]
[PlyCount "51"]
[EventDate "2007.09.25"]
[EventType "team-tourn"]
[EventRounds "9"]
[EventCountry "CRO"]
[SourceTitle "CBM 120 Extra"]
[Source "ChessBase"]
[SourceDate "2007.11.01"]
[SourceVersion "1"]
[SourceVersionDate "2007.11.01"]
[SourceQuality "1"]

1. e4 c5 2. Nf3 e6 3. Nc3 a6 4. d4 cxd4 5. Nxd4 Qc7 6. Bd3 b5 7. 0-0 Bb7 8. Qe2 d6 9. Bd2 Nd7 10. a4 bxa4 11. Nxa4 Ngf6 12. Nc3 Nc5 13. Nb3 Nxd3 14. cxd3 Be7 15. Rfc1 Qb8 16. Na5 0-0 17. Na4 Nd7 18. Ra3 Bd8 19. Rb3 Bxa5 20. Bxa5 Rc8 21. Rxc8+ Qxc8 22. Rc3 Qe8 23. Rc7 Rb8 24. Qc2 Rc8 25. Rxc8 Qxc8 26. Qxc8+ 1/2-1/2